01148cam a2200289 i 4500003000500000005001700005008004100022010001700063022001400080040002500094050002200119082003400141245007600175260005100251300003900302336002600341337002800367338002700395362002400422504004100446521004000487650003800527700003300565942005800598952018500656999001700841CSPC20251211140712.0251211c2018 mduaa bs 000 0 eng  a 86182948  a0887-6274 aCSPCcCSPCbengdrda00aRT82.8b.J66 198600a331.7/61362173/0973219bC61610aClinical nurse specialist :bThe journal for advanced nursing practice. aHagerstown, Maryland :bWolters kluwer,c2023. avolumes :billustrations ;c27 cm. atextbtxt2rdacontent aunmediatedbn2rdamedia avolumebnc2rdacarrier aVolume 37, Number 1 aIncludes bibliographical references. aCollege of Health and Sciences CHS  0aNurse practitionersxPeriodicals. aBeecroft, Pauline.,eeditor. 2ddcn0cSERIALSh331.7/61362173/0973iC616kSERm2023 00102ddc4071aCSPCbCSPCcSERd2025-11-20hJanuary/February 2023 Volume 37, Number 1l0oSer NUR 11 v.37 n.1 2023p01341Sr2025-12-11 14:09:44t1-1w2025-12-11ySERIALSzJournal c31191d31191